<?xml version="1.0" encoding="UTF-8"?>
<record
    xmlns:xsi="http://www.w3.org/2001/XMLSchema-instance"
    xsi:schemaLocation="http://www.loc.gov/MARC21/slim http://www.loc.gov/standards/marcxml/schema/MARC21slim.xsd"
    xmlns="http://www.loc.gov/MARC21/slim">

  <leader>01925nam a22002777a 4500</leader>
  <controlfield tag="003">DO-SdBNP</controlfield>
  <controlfield tag="005">20220531084017.0</controlfield>
  <controlfield tag="008">210518b           ||||| |||| 00| 0 eng d</controlfield>
  <datafield tag="020" ind1=" " ind2="4">
    <subfield code="a">978-9945-8539-9-5</subfield>
  </datafield>
  <datafield tag="040" ind1=" " ind2="4">
    <subfield code="a">DO-SdBNP</subfield>
    <subfield code="b">spa</subfield>
    <subfield code="c">BNPHU</subfield>
  </datafield>
  <datafield tag="082" ind1=" " ind2="4">
    <subfield code="a">352.77</subfield>
    <subfield code="b">R426m, 2012-2013</subfield>
    <subfield code="2">22</subfield>
  </datafield>
  <datafield tag="110" ind1="1" ind2=" ">
    <subfield code="a">Rep&#xFA;blica Dominicana .</subfield>
    <subfield code="b">Ministerio de Obras P&#xFA;blicas y Comunicaciones</subfield>
    <subfield code="9">74825</subfield>
  </datafield>
  <datafield tag="245" ind1="1" ind2=" ">
    <subfield code="a">Memorias del primer a&#xF1;o del cuatrienio 2012-2016.</subfield>
  </datafield>
  <datafield tag="260" ind1=" " ind2=" ">
    <subfield code="a">Santo Domingo :</subfield>
    <subfield code="b">MOPC,</subfield>
    <subfield code="c">2013.</subfield>
  </datafield>
  <datafield tag="300" ind1=" " ind2=" ">
    <subfield code="a">221 p. :</subfield>
    <subfield code="b">il., fots. ; </subfield>
    <subfield code="c">30 cm</subfield>
  </datafield>
  <datafield tag="505" ind1=" " ind2=" ">
    <subfield code="a">Mensaje del Ministro Gonzalo Castillo -- </subfield>
  </datafield>
  <datafield tag="505" ind1=" " ind2=" ">
    <subfield code="a">Gesti&#xF3;n 2012-2013</subfield>
    <subfield code="t">Inversiones en obras p&#xFA;blicas para un estado  social y democr&#xE1;tico /  </subfield>
    <subfield code="r"> Carlos Santos Dur&#xE1;n </subfield>
  </datafield>
  <datafield tag="505" ind1=" " ind2=" ">
    <subfield code="a">Sobre el perfil de una  acci&#xF3;n ministerial de impacto y transparencia ante los ojos de la naci&#xF3;n -- </subfield>
    <subfield code="r">Por Abil Peralta Ag&#xFC;ero </subfield>
  </datafield>
  <datafield tag="505" ind1=" " ind2=" ">
    <subfield code="a">Galer&#xED;a de carreteras construidas, pavimentadas y  se&#xF1;alizadas -- </subfield>
    <subfield code="t">Galer&#xED;a circuito vial  del Este -- 
</subfield>
    <subfield code="t">Galer&#xED;a de calles construidas, pavimentadas y se&#xF1;alizadas en municipios y provincias -- </subfield>
    <subfield code="t">Galer&#xED;a de puentes construidos y reconstruidos --  </subfield>
    <subfield code="t">Galer&#xED;a de edificaciones -- </subfield>
    <subfield code="t">Programa de se&#xF1;alizaci&#xF3;nes viales -- </subfield>
    <subfield code="t">Programa de protecci&#xF3;n y asistencia vial --</subfield>
    <subfield code="t">Programa de mantenimiento vial -- </subfield>
    <subfield code="t">Acuerdo con los ayuntamientos en las 32 provincias del pa&#xED;s -- </subfield>
    <subfield code="t">Respuestas a da&#xF1;os ocacionados por fen&#xF3;menos atmosf&#xE9;ricos -- </subfield>
    <subfield code="t">Cooperaci&#xF3;n interinstitucional -- </subfield>
    <subfield code="t">Construcci&#xF3;n de paseo mar&#xED;timo 30 de mayo.  </subfield>
  </datafield>
  <datafield tag="590" ind1=" " ind2=" ">
    <subfield code="a">Inventariado, 2021 / SA</subfield>
  </datafield>
  <datafield tag="610" ind1="1" ind2="4">
    <subfield code="a">Rep&#xFA;blica Dominicana</subfield>
    <subfield code="b">Ministerio de Obras P&#xFA;blicas</subfield>
    <subfield code="v">Memorias</subfield>
    <subfield code="y">2012-2013</subfield>
    <subfield code="9">78758</subfield>
  </datafield>
  <datafield tag="700" ind1=" " ind2=" ">
    <subfield code="a">Abril  Peralta Ag&#xFC;ero</subfield>
    <subfield code="e">Coordinador editorial</subfield>
    <subfield code="9">78623</subfield>
  </datafield>
  <datafield tag="700" ind1=" " ind2=" ">
    <subfield code="a">Alexander Ram&#xED;rez Paulino, Alina Mi&#xE9;ses, Alfredo Olaverr&#xED;a [et. al ] </subfield>
    <subfield code="e">Fotograf&#xED;as de obras  del MOPC</subfield>
    <subfield code="9">78626</subfield>
  </datafield>
  <datafield tag="910" ind1=" " ind2=" ">
    <subfield code="a">Saquino/Validado. Control de calidad MFF</subfield>
  </datafield>
  <datafield tag="942" ind1=" " ind2=" ">
    <subfield code="2">ddc</subfield>
    <subfield code="c">LBS1</subfield>
  </datafield>
  <datafield tag="952" ind1=" " ind2=" ">
    <subfield code="0">0</subfield>
    <subfield code="1">0</subfield>
    <subfield code="2">ddc</subfield>
    <subfield code="5">1</subfield>
    <subfield code="7">1</subfield>
    <subfield code="8">MO</subfield>
    <subfield code="a">BNPHU</subfield>
    <subfield code="b">PD</subfield>
    <subfield code="c">HD</subfield>
    <subfield code="d">2021-05-18</subfield>
    <subfield code="e">Donado</subfield>
    <subfield code="l">0</subfield>
    <subfield code="o">BNPHU PD  352.77  R426m 2012-2013</subfield>
    <subfield code="p">2021-1762</subfield>
    <subfield code="r">2021-05-18</subfield>
    <subfield code="w">2021-05-18</subfield>
    <subfield code="y">LBS1</subfield>
  </datafield>
  <datafield tag="999" ind1=" " ind2=" ">
    <subfield code="c">49826</subfield>
    <subfield code="d">49826</subfield>
  </datafield>
</record>
